Finálne kapacitné plánovanie výroby v podmienkach zákazkovej výroby Dopravné pásy, Matador, a.s.
Prednosti finálneho kapacitného plánovania výroby v podmienkach zákazkovej výroby Dopravné pásy, Matador, a.s. . Optimálny plán výroby. Programový modul, ktorý rieši dve základné úlohy: 1. Návrh optimálneho mesačného plánu výroby, 2. Návrh denného rozvrhu výroby. Praktická aplikácia modulu. Očakávan...
Salvato in:
| Autore principale: | |
|---|---|
| Natura: | Capitolo di libro |
| Lingua: | slovacco |
| Soggetti: | |
| Tags: |
Nessun Tag, puoi essere il primo ad aggiungerne!!
|
MARC
| LEADER | 00000naa a2200000 4500 | ||
|---|---|---|---|
| 001 | r046089 | ||
| 005 | 20231002121512.9 | ||
| 041 | 0 | |a slo | |
| 044 | |a SK | ||
| 245 | 1 | 0 | |a Finálne kapacitné plánovanie výroby v podmienkach zákazkovej výroby Dopravné pásy, Matador, a.s. |c Peter Bubeník |
| 520 | |a Prednosti finálneho kapacitného plánovania výroby v podmienkach zákazkovej výroby Dopravné pásy, Matador, a.s. . Optimálny plán výroby. Programový modul, ktorý rieši dve základné úlohy: 1. Návrh optimálneho mesačného plánu výroby, 2. Návrh denného rozvrhu výroby. Praktická aplikácia modulu. Očakávané prínosy riešenia. | ||
| 610 | 2 | 0 | |a plánovanie výroby |
| 610 | 2 | 0 | |a výroba zákazková |
| 610 | 2 | 0 | |a kapacita výrobná |
| 610 | 2 | 0 | |a rozvrhovanie výroby |
| 610 | 2 | 0 | |a plánovanie optimálne |
| 610 | 2 | 0 | |a riadenie výroby |
| 610 | 2 | 0 | |a proces výrobný |
| 610 | 2 | 0 | |a organizácia procesov výrobných |
| 100 | 1 | |a Bubeník, Peter | |